Super fast type 1 to 50 - Statistics

General Stats
  • This quiz has been taken 362 times
  • The average score is 38 of 50
Answer Stats
Numbers % Correct
1
100%
2
100%
3
99%
4
99%
5
98%
6
98%
8
98%
9
98%
7
97%
12
90%
13
88%
14
88%
16
88%
10
87%
11
87%
15
87%
17
87%
18
87%
19
86%
20
82%
21
80%
22
80%
23
80%
24
77%
26
77%
25
76%
29
76%
27
75%
28
75%
30
73%
34
70%
31
69%
32
69%
33
69%
35
66%
36
63%
37
63%
38
62%
39
60%
40
56%
41
55%
42
52%
44
52%
45
52%
43
51%
46
51%
47
48%
48
46%
49
45%
50
40%
No matching quizzes found
Score Distribution
Percent of People with Each Score
Percentile by Number Answered
Your Score History
You have not taken this quiz